MDQL
is popping MORE tags! Check the
thread
!
Quizzes
Events
Quiz Creation
Community
Videos
Private Events
Remove Ads
Sign In
Join for FREE
Feedback
Dark Mode
Quiz Categories
Sports
Geography
Music
Movies
Television
Just For Fun
Miscellaneous
History
Literature
Language
Science
Gaming
Entertainment
Religion
Holiday
For Kids
Quiz Lab
Recent
Popular Today
Quiz Kudos Today
Editor Picks
Curator Picks
Quizzes by...
Day
Popularity
Type
Ratings
Length
Year
Community
Subscriptions
Recent Discussions
Orange Saloon
Badges
Playlists
Quests
Create
Leaderboards
Showdown
Live 5
Trivia Bingo
Activity
Puzzle Library
Sporcle Events
Private Events
Virtual Trivia
Globe League
Become a Host
Pub Owners
SporcleCon
Opinionation
Our Games
Videos
Blog
Mobile Apps
Partnerships
Remove Ads and Go Orange
Feedback
Geography
Country
Landmarks
City
State
Population
World
Capital
Continent
Flags
Europe
Africa
Asia
South America
North America
Oceania
Border
Canada
United Kingdom
Topography
United States
Geography
Country
Landmarks
City
State
Population
World
Capital
Continent
Flags
Europe
Africa
Asia
South America
North America
Oceania
Border
Canada
United Kingdom
Topography
United States
Random Quiz
Search Sporcle
×
Quiz Lab
Quiz Lab
Geography
France
Type in answers that appear in a list
Type in answers that appear in a list
Classic
Best Score? Go Orange.
Transfer Stations of the Paris Métro Stats
Can you name the Transfer Stations of the Paris Métro?
By
artnouveau59
7m
56 Questions
175 Plays
175 Plays
175 Plays
Comments
Comments
Give Quiz Kudos
Give Quiz Kudos
-
- Ratings
hide this ad
Replay
Link that replays current quiz
Next Quiz
Link to next quiz in quiz playlist
You Got
0%
They Got
Avg Score
68%
Avg Friend Score
Upgrade to see
Score Distribution
Jump to the score distribution portion of the page
Score
0/56
Timer
07:00
0
Plays Today
Lines
Station name
% Correct
1, 4, 7, 11, 14
Châtelet
94.3%
1, 2, 6
Charles de Gaulle - Etoile
93.1%
1, 2, 6, 9
Nation
90.9%
4, 5
Gare du Nord
89.7%
3, 5, 8, 9, 11
République
89.1%
1, 5, 8
Bastille
88.6%
1, 14
Gare de Lyon
87.4%
4, 5, 7
Gare de L'Est
87.4%
3, 12, 13, 14
Saint-Lazare
86.9%
4, 12, 13, 6
Montparnasse - Bienvenüe
86.9%
1, 8, 12
Concorde
85.7%
2, 5, 7
Stalingrad
80.6%
5, 6, 7
Place d'Italie
80%
3, 7, 8
Opéra
78.9%
5, 10
Gare d'Austerlitz
77.7%
1, 7
Palais Royal - Musée du Louvre
76.6%
1, 11
Hôtel de Ville
76.6%
2, 12
Pigalle
75.4%
1, 9
Franklin D. Roosevelt
74.3%
2, 4
Barbès - Rochechouart
74.3%
1, 13
Champs Elysées - Clemenceau
73.7%
8, 12, 14
Madeleine
72%
4, 10
Odéon
71.4%
6, 14
Bercy
71.4%
2, 5, 7bis
Jaurès
70.9%
2, 13
Place de Clichy
69.7%
2, 3
Villiers
68.6%
4, 6
Denfert-Rochereau
68.6%
Lines
Station name
% Correct
7, 14
Pyramides
68.6%
8, 13
Invalides
68%
2, 11
Belleville
67.4%
6, 8, 10
La Motte-Picquet - Grenelle
66.3%
3, 3bis
Gambetta
65.7%
1, 8
Reuilly - Diderot
65.1%
2, 3
Père Lachaise
64.6%
3, 11
Arts et Métiers
64.6%
6, 9
Trocadéro
64%
3, 4
Réaumur-Sebastopol
63.4%
5, 9
Oberkampf
63.4%
3, 9
Havre-Caumartin
58.9%
7, 10
Jussieu
58.9%
4, 6
Raspail
58.3%
3bis, 11
Porte des Lilas
57.1%
6, 12
Pasteur
56.6%
7, 7bis
Louis Blanc
56%
9, 10
Michel-Ange - Molitor
55.4%
7bis, 11
Place des Fêtes
55.4%
9, 10
Michel-Ange - Auteuil
54.9%
10, 12
Sèvres-Babylone
54.9%
9, 13
Miromesnil
54.3%
4, 12
Marcadet-Poissonniers
50.3%
7, 9
Chaussée d'Antin - La Fayette
50.3%
8, 9
Richelieu - Drouot
44.6%
9, 14
Saint-Augustin
44.6%
6, 8
Dugommier
30.9%
10, 13
Ségur
26.9%
Quiz Playlist
Details
Report
Send in Message
Add To Playlist
Classic:
Type in answers that appear in a list
Last Updated: Feb 16, 2017
Quiz Scoreboard
CHALLENGE
Sign Up to Join the Scoreboard
Show All
Scores
Hide
Comments
May contain spoilers
Recently Published
Holiday 10x10 Sorting Gallery
by lukepisani3
Holiday
15m
Two Season TV Shows II
by 123Four
Television
10m
Image Sorting: Flags VI
by Barbecue
Geography
2m
More to Explore
Quiz From the Vault
Featured Blog Post
14 Easter Pick-up Lines to Find Eggs With
hide this ad
You Might Also Like...
Tags
France
paris
Paris Métro
Rail Networks
Railway Stations
Subway
Subway Lines
Subway Systems
Train Stations
Transit Lines
transport
transportation
Today's Top Quizzes in Geography
Browse Geography
hide this ad
Today's Top Quizzes in France
Browse France
Top Contributed Quizzes in Geography
1
Colored Red Europe Blitz I
2
Countries of the World - No Outlines Minefield
3
Colored Red Africa Blitz II
4
Colored Red Europe Blitz II
5
Colored Red Europe Blitz III
6
Colored Red Africa Blitz III
7
Colored Red States Blitz I
8
A Different View: World Oceans
9
Colored Red States Blitz II
10
Colored Red States Blitz III
Explore More
Trending Topics
Disney
Kpop
Harry Potter
NBA
Marvel
Crossword
Anime
NFL
Soccer
WWE
Pokémon
The Office
Song
Puzzle
Country
hide this ad
More By:
artnouveau59
Quiz
Plays
Rating
Category
Featured
Created
Stations of the Paris Metro
2,757
3.29
Geography
May 31, 2012
European Countries by Area
1,293
2.00
Geography
Jan 28, 2010
County Seats of Mississippi
825
5.00
Geography
Feb 18, 2012
Mississippi Cities above 5,000 people
432
4.88
Geography
Jan 20, 2011
Transfer Stations of the Paris Métro
175
Geography
May 10, 2013
Go to Creator's Profile
Score Distribution
Quiz Creator Spotlight
artnouveau59
Follow
Send a Message
Quizzes Created
-
Created Quiz Play Count
-
More By This Creator
Popular Quizzes Today
1
Find the US States - No Outlines Minefield
2
Colored Red Africa Blitz
3
Find the 'City' Movie
4
The Countries of the World
5
Find the US States
6
5x2 Blitz: Bands
7
Find the Countries of Europe - No Outlines Minefield
8
US States
More Geography Quizzes
Netherlands, Belgium challenge - 45 cities on a map
Quiz Lab
Trending Quizzes
Colored Red Europe Blitz I
Colored Red Europe Blitz II
Colored Red Africa Blitz II
Colored Red Europe Blitz III
Colored Red Africa Blitz III
Recently Updated
Odd Team Out - Big 4 Players
pecheneg
Quick Pick: 20 Twenties
pecheneg
March Madness Men's Triple Doubles
pecheneg
How Do You Spell That?
pecheneg
Godzilla Movies
pecheneg
Grab Bag: 4-10 Letters
pecheneg
2024 March Madness Bracket
pecheneg
Famous TV Couples
Peacemaker
Champions League XIs: Real Madrid
pecheneg
Largest US Cities 1790-2010
pecheneg
Trending Topics
Crossword
Anime
Harry Potter
Marvel
Kpop
Disney
NBA
The Office
WWE
Puzzle
Soccer
Song
Pokémon
Country
NFL
Your Account Isn't Verified!
In order to create a playlist on Sporcle, you need to verify the email address you used during registration. Go to your
Sporcle Settings
to finish the process.
Report this User
Report this user for behavior that violates our
Community Guidelines
.
Details:
Send Report
Go to the Sporcle.com Mobile Site →
Comments